Boston Red Sox Trivia - Statistics

General Stats
  • This quiz has been taken 7,583 times
  • The average score is 13 of 18
Answer Stats
Hint Answer % Correct
Boston's stadium Fenway Park
98%
Nickname of that stadium's left field wall The Green Monster
94%
David Ortiz's nickname Big Papi
91%
Year that curse come to an end 2004
88%
"Curse" that prevented the Red Sox from winning the World Series for 85 years Curse of the {Bambino}
85%
In 1941, he became the last player to hit .400 for an entire season Ted Williams
81%
Pitcher who led the majors in ERA in 1999, 2000, 2002, and 2003 Pedro Martínez
74%
First name of former shortstop Garciaparra Nomar
72%
Player who was named AL MVP in 2018, hitting .346 with 32 home runs Mookie Betts
68%
Pitcher who took the team's name to heart when he pitched wearing a bloody sock in 2004 Curt Schilling
65%
Pitcher who twice struck out 20 players in a single game Roger Clemens
65%
First baseman whose fielding error has been blamed for costing the Red Sox the 1986 World Series Bill Buckner
61%
Player who won the Triple Crown in 1967 Carl Yastrzemski
61%
Catcher who "waved fair" his game-winning home run in the 1975 World Series Carlton Fisk
57%
Knuckleballer who retired in 2011 after nearly two decades with the Red Sox Tim Wakefield
57%
1980s third baseman who was rumored to drink as many as 70 beers in a single cross-country flight Wade Boggs
56%
Pitcher who recorded 192 of his 511 wins while playing for the Red Sox Cy Young
53%
Boston's AAA affiliate {Worcester} Red Sox
52%
No matching quizzes found
Score Distribution
Percent of People with Each Score
Percentile by Number Answered
Your Score History
You have not taken this quiz